Përmbledhje e ligjeve kundër terrorizmit dhe krimit të organizuar / (Record no. 354)
[ view plain ]
| 000 -LEADER | |
|---|---|
| fixed length control field | 00811nam a22001937a 4500 |
| 008 - FIXED-LENGTH DATA ELEMENTS--GENERAL INFORMATION | |
| fixed length control field | 131126b xxu||||| |||| 00| 0 alb d |
| 041 1# - LANGUAGE CODE | |
| Language code of text/sound track or separate title | alb |
| -- | eng |
| -- | -ssc |
| 080 ## - UNIVERSAL DECIMAL CLASSIFICATION NUMBER | |
| Universal Decimal Classification number | 343 |
| Common auxiliary subdivision | (094.9) |
| 110 ## - | |
| -- | Qendra juridike e Kosovës |
| 245 00 - TITLE STATEMENT | |
| Title | Përmbledhje e ligjeve kundër terrorizmit dhe krimit të organizuar / |
| 260 ## - | |
| -- | Kosovë : |
| -- | KLC ; |
| -- | 2005. |
| 300 ## - | |
| -- | 420 f. : |
| -- | 24 cm. |
| 500 ## - | |
| -- | Teksi është në tre gjuhë : shqipe, angleze dhe sërbe. Titujt - [ Përmbldhje e ligjeve kundër terrorizmit dhe krimit të organizuar = Compilation of laws against terrorism and organized crime = Zbirka zakona protiv terorizma i organizovanog kriminala ] |
| 650 #0 - | |
| -- | E drejta penale |
| 650 #0 - | |
| -- | Kriminalistika |
| 650 #0 - | |
| -- | Terrorizmi |
| 700 1# - | |
| -- | Willcoxon, George [ përmbledhje nga ] |
| 942 ## - ADDED ENTRY ELEMENTS (KOHA) | |
| Source of classification or shelving scheme | |
| Item type | Books |
| Withdrawn status | Lost status | Source of classification or shelving scheme | Damaged status | Not for loan | Collection code | Permanent location | Current location | Shelving location | Date acquired | Total Checkouts | Full call number | Barcode | Date last seen | Price effective from | Koha item type |
|---|---|---|---|---|---|---|---|---|---|---|---|---|---|---|---|
| Koleksioni i përgjithshem | UBT - Prishtine | UBT - Prishtine | Koleksioni i përgjithshem | 11/26/2013 | 343 (094.9) PER | 001-000466 | 11/26/2013 | 11/26/2013 | Books | ||||||
| Koleksioni i përgjithshem | UBT - Prishtine | UBT - Prishtine | Koleksioni i përgjithshem | 11/26/2013 | 343 (094.9) PER | 001-000468 | 11/26/2013 | 11/26/2013 | Books | ||||||
| Koleksioni i përgjithshem | UBT - Prishtine | UBT - Prishtine | Koleksioni i përgjithshem | 11/26/2013 | 343 (094.9) PER | 001-000467 | 11/26/2013 | 11/26/2013 | Books | ||||||
| Koleksioni i përgjithshem | UBT - Prishtine | UBT - Prishtine | Koleksioni i përgjithshem | 11/26/2013 | 343 (094.9) PER | 001-000470 | 11/26/2013 | 11/26/2013 | Books | ||||||
| Koleksioni i përgjithshem | UBT - Prishtine | UBT - Prishtine | Koleksioni i përgjithshem | 11/26/2013 | 343 (094.9) PER | 001-000469 | 11/26/2013 | 11/26/2013 | Books |